000 00640nam a22002297a 4500
003 UA-OsUOA
001 96694
007 ta
008 20130321b un ||||| |||| 00| 0 ukr d
100 _aМоріак Ф.
090 _a821.133.1
_bМ79
942 _cBK
040 _aUA-OsUOA
_bukr
_cUA-OsUOA
_dUA-OsUOA
245 _aГадючник. Дорога в нікуди. Тереза Дескейру
_bромани
300 _a445 с.
955 _a3
041 _aukr
080 _a821.133.1
260 _aК.
_bДніпро
_c1986
650 7 _a82 Література. Літературознавство
_2UDC
999 _c382945
_d382945